[Event "IECC CL5-2016.04 email"]
[Site "IECC email"]
[Date "2016.10.14"]
[Round "?"]
[White "Hargreaves, Richard"]
[Black "Dunning, Stephen"]
[Result "0-1"]
[WhiteElo "1507"]
[BlackElo "1509"]
[PlyCount "141"]
[EventDate "2016.??.??"]
[EventType "tourn (corr)"]
[EventRounds "4"]
[SourceTitle "Corr 2020"]
[Source "ChessBase"]
[SourceDate "2019.09.30"]
[SourceVersion "1"]
[SourceVersionDate "2019.09.30"]
[SourceQuality "1"]
[WhiteTeam "England"]
[BlackTeam "England"]
[WhiteTeamCountry "ENG"]
[BlackTeamCountry "ENG"]

1. e4 c6 2. Nf3 d5 3. e5 Bg4 4. h3 Bxf3 5. Qxf3 e6 6. d4 Nd7 7. Bd3 c5 8. c3 Qb6 9. Qe3 Rc8 10. 0-0 Ne7 11. Nd2 Nc6 12. Nf3 cxd4 13. cxd4 Nb4 14. Bb1 Be7 15. Bd2 0-0 16. a3 Nc6 17. Qd3 g6 18. Bh6 Rfd8 19. b4 f6 20. exf6 Bxf6 21. Rd1 Ne7 22. Bf4 Rf8 23. Qe3 Nf5 24. Bxf5 exf5 25. Rac1 Rc4 26. Rxc4 dxc4 27. Qe2 Rc8 28. d5 Qd8 29. Qe6+ Kg7 30. Ng5 Qe8 31. Re1 Qxe6 32. dxe6 Nb6 33. Nf7 Be7 34. Be5+ Kf8 35. Nd6 Bxd6 36. Bxd6+ Ke8 37. Bf4 c3 38. Bg5 Nc4 39. Rd1 c2 40. Rd7 Nxa3 41. Re7+ Kf8 42. Rf7+ Kg8 43. Bc1 Nb5 44. Rd7 Nc7 45. e7 Ne6 46. Rxb7 Kf7 47. Rxa7 Nd4 48. Rd7 Rc4 49. Kh2 Ke8 50. Rb7 Ne2 51. Bg5 c1Q 52. Bxc1 Nxc1 53. b5 Rb4 54. g4 f4 55. Kg2 Nd3 56. Kf3 g5 57. b6 Rb2 58. Rb8+ Kxe7 59. h4 Rxf2+ 60. Ke4 Nc5+ 61. Kf5 Rb2 62. Rh8 f3 63. Rxh7+ Kf8 64. hxg5 f2 65. Rh1 Rxb6 66. Rf1 Rb2 67. Ke5 Re2+ 68. Kf4 Re1 69. Rxf2 Nd3+ 70. Kg3+ Nxf2 71. Kxf2 0-1

[Event "IECC M1-2016.T023"]
[Site "IECC email"]
[Date "2016.05.28"]
[Round "?"]
[White "Dunning, Stephen"]
[Black "Laudati, Lelio"]
[Result "0-1"]
[WhiteElo "1490"]
[BlackElo "1751"]
[PlyCount "22"]
[EventDate "2016.??.??"]
[EventType "match (corr)"]
[EventRounds "2"]
[SourceTitle "Corr 2020"]
[Source "ChessBase"]
[SourceDate "2019.09.30"]
[SourceVersion "1"]
[SourceVersionDate "2019.09.30"]
[SourceQuality "1"]
[WhiteTeam "England"]
[BlackTeam "Italy"]
[WhiteTeamCountry "ENG"]
[BlackTeamCountry "ITA"]

1. d4 e6 2. c4 Bb4+ 3. Nc3 Nf6 4. e3 0-0 5. Nf3 d5 6. Bd2 c5 7. a3 Bxc3 8. Bxc3 cxd4 9. Bxd4 Nc6 10. cxd5 Nxd5 11. Bb5 Qa5+ 0-1

[Event "IECC M1-2016.T023"]
[Site "IECC email"]
[Date "2016.05.28"]
[Round "?"]
[White "Laudati, Lelio"]
[Black "Dunning, Stephen"]
[Result "1-0"]
[WhiteElo "1764"]
[BlackElo "1484"]
[PlyCount "63"]
[EventDate "2016.??.??"]
[EventType "match (corr)"]
[EventRounds "2"]
[SourceTitle "Corr 2020"]
[Source "ChessBase"]
[SourceDate "2019.09.30"]
[SourceVersion "1"]
[SourceVersionDate "2019.09.30"]
[SourceQuality "1"]
[WhiteTeam "Italy"]
[BlackTeam "England"]
[WhiteTeamCountry "ITA"]
[BlackTeamCountry "ENG"]

1. d4 Nf6 2. Nf3 d5 3. c4 e6 4. g3 Bb4+ 5. Bd2 Bd6 6. Bg2 c6 7. 0-0 Nbd7 8. b3 Ne4 9. Nc3 Nxd2 10. Qxd2 f5 11. Rfd1 0-0 12. Rac1 f4 13. Qd3 Ba3 14. Rb1 Bd6 15. g4 g5 16. b4 Qe7 17. b5 Bc7 18. bxc6 bxc6 19. Qc2 Nb6 20. c5 Nc4 21. Qa4 Bd7 22. Rb7 Ba5 23. Nd2 Nxd2 24. Qxa5 Nc4 25. Qc7 Rfd8 26. Rxa7 Rac8 27. Qb7 e5 28. Nxd5 Qe6 29. Nc7 Qxg4 30. Qb3 Be6 31. Nxe6 Qxe6 32. Qb7 1-0

[Event "IECC CL5-2010.07 email"]
[Site "IECC email"]
[Date "2010.05.31"]
[Round "?"]
[White "Dunning, Stephen"]
[Black "Andersson, Paul"]
[Result "1/2-1/2"]
[WhiteElo "1461"]
[BlackElo "1511"]
[PlyCount "57"]
[EventDate "2010.??.??"]
[EventType "tourn (corr)"]
[EventRounds "4"]
[SourceTitle "Telechess CBM 149"]
[Source "ChessBase"]
[SourceDate "2012.07.17"]
[SourceVersion "1"]
[SourceVersionDate "2012.07.17"]
[SourceQuality "1"]
[WhiteTeam "England"]
[BlackTeam "Sweden"]
[WhiteTeamCountry "ENG"]
[BlackTeamCountry "SWE"]

1. e4 c5 2. Nf3 a6 3. c4 d6 4. d4 Bg4 5. dxc5 Bxf3 6. gxf3 dxc5 7. Qxd8+ Kxd8 8. Be3 e6 9. Nc3 Nc6 10. Na4 Nd4 11. 0-0-0 e5 12. f4 f6 13. fxe5 fxe5 14. Nb6 Rb8 15. f4 Bd6 16. fxe5 Bxe5 17. b4 Ke8 18. bxc5 Rd8 19. Nd5 Nc6 20. Rg1 Nf6 21. Bd3 Kf7 22. Nxf6 Bxf6 23. Rg2 Rd7 24. Rgd2 Rhd8 25. Be2 Rxd2 26. Rxd2 Rxd2 27. Kxd2 Be5 28. h4 Bf6 29. h5 1/2-1/2

[Event "IECC CL5-2010.07 email"]
[Site "IECC email"]
[Date "2010.05.31"]
[Round "?"]
[White "Dunning, Stephen"]
[Black "Hargreaves, John Richard"]
[Result "1-0"]
[WhiteElo "1463"]
[BlackElo "1535"]
[PlyCount "80"]
[EventDate "2010.??.??"]
[EventType "tourn (corr)"]
[EventRounds "4"]
[SourceTitle "Telechess CBM 149"]
[Source "ChessBase"]
[SourceDate "2012.07.17"]
[SourceVersion "1"]
[SourceVersionDate "2012.07.17"]
[SourceQuality "1"]
[WhiteTeam "England"]
[BlackTeam "England"]
[WhiteTeamCountry "ENG"]
[BlackTeamCountry "ENG"]

1. e4 e6 2. d4 d5 3. Nd2 Be7 4. e5 Nd7 5. Qg4 g6 6. Ndf3 c5 7. c3 c4 8. Be2 f5 9. Qg3 Nf8 10. h4 Bd7 11. h5 Qc7 12. hxg6 Nxg6 13. Ng5 f4 14. Bxf4 Nxf4 15. Qxf4 0-0-0 16. Nxh7 Nf6 17. Qg5 Rdg8 18. Nxf6 Rxg5 19. Rxh8+ Bd8 20. g4 Ba4 21. Nf3 Rg7 22. Nd2 Qb6 23. b3 cxb3 24. axb3 Bc6 25. b4 a6 26. Nb3 Re7 27. Nc5 Bb5 28. Bxb5 Qxb5 29. Ra5 Qc6 30. g5 Qc7 31. g6 b6 32. Rxa6 bxc5 33. Ra8+ Kb7 34. Rhxd8 cxd4 35. Rdb8+ Qxb8 36. Rxb8+ Kxb8 37. Nh5 dxc3 38. g7 Re8 39. Nf6 c2 40. Kd2 Rc8 1-0

[Event "IECC CL5-2009.13 email"]
[Site "IECC email"]
[Date "2009.07.23"]
[Round "?"]
[White "Baez, Jorge Luis"]
[Black "Dunning, Stephen"]
[Result "0-1"]
[WhiteElo "1356"]
[BlackElo "1500"]
[PlyCount "36"]
[EventDate "2009.??.??"]
[EventType "tourn (corr)"]
[EventRounds "4"]
[SourceTitle "Telechess CBM 137"]
[Source "ChessBase"]
[SourceDate "2010.07.15"]
[SourceVersion "1"]
[SourceVersionDate "2010.07.15"]
[SourceQuality "1"]
[WhiteTeam "Germany"]
[BlackTeam "England"]
[WhiteTeamCountry "GER"]
[BlackTeamCountry "ENG"]

1. d4 Nf6 2. c4 c5 3. e3 g6 4. Nc3 Bg7 5. Bd3 0-0 6. Nge2 cxd4 7. exd4 d5 8. 0-0 Nc6 9. h3 Nb4 10. a3 Nxd3 11. Qxd3 dxc4 12. Qxc4 Be6 13. Qd3 Rc8 14. Be3 Nd5 15. Nxd5 Bxd5 16. Nc3 Bc4 17. Qe4 Bxf1 18. Kxf1 Qd7 0-1

[Event "IECC CL5-2005.16 email"]
[Site "IECC email"]
[Date "2005.11.20"]
[Round "?"]
[White "Dunning, Stephen"]
[Black "Nicolaescu, Nicolae"]
[Result "1-0"]
[WhiteElo "1455"]
[BlackElo "1561"]
[PlyCount "55"]
[EventDate "2005.??.??"]
[EventType "tourn (corr)"]
[EventRounds "4"]
[SourceTitle "Corr 2015"]
[Source "ChessBase"]
[SourceDate "2015.07.17"]
[SourceVersion "1"]
[SourceVersionDate "2015.07.17"]
[SourceQuality "1"]

1. d4 Nf6 2. c4 e6 3. Nf3 b6 4. e3 Bb7 5. Bd3 d5 6. 0-0 Bd6 7. Nc3 Nbd7 8. cxd5 exd5 9. Qc2 0-0 10. Nb5 Qe7 11. Nxd6 Qxd6 12. b3 Rfe8 13. Ng5 h6 14. Nf3 Ne4 15. Bb2 Rac8 16. Ne5 Nxe5 17. dxe5 Qe7 18. Rac1 c5 19. f3 Ng5 20. f4 Ne4 21. f5 Qg5 22. Rf3 Rcd8 23. Rcf1 a6 24. Bxe4 dxe4 25. Rg3 Qh4 26. e6 f6 27. Rf4 Qh5 28. Bxf6 1-0

[Event "IECC CL5-2005.13 email"]
[Site "IECC email"]
[Date "2005.09.11"]
[Round "?"]
[White "Schibuola, Francesco"]
[Black "Dunning, Stephen"]
[Result "1-0"]
[WhiteElo "1451"]
[BlackElo "1493"]
[PlyCount "47"]
[EventDate "2005.??.??"]
[EventType "tourn (corr)"]
[EventRounds "4"]
[SourceTitle "Corr 2008"]
[Source "ChessBase"]
[SourceDate "2008.06.24"]
[SourceVersion "1"]
[SourceVersionDate "2008.06.24"]
[SourceQuality "1"]

1. e4 e6 2. d4 d5 3. Nd2 Be7 4. Bd3 c5 5. dxc5 Nd7 6. exd5 exd5 7. Nb3 Nxc5 8. Nf3 Nf6 9. Nxc5 Bxc5 10. Qe2+ Be6 11. Bb5+ Nd7 12. Ng5 Be7 13. Nxe6 fxe6 14. 0-0 a6 15. Bd3 Nc5 16. Qh5+ Kd7 17. Be3 Nxd3 18. cxd3 Rc8 19. Rac1 Bf6 20. Rfe1 Bxb2 21. Rb1 g6 22. Qe2 Bc3 23. Rxb7+ Kc6 24. Reb1 1-0

[Event "IECC CL5-2005.08 email"]
[Site "IECC email"]
[Date "2005.04.29"]
[Round "?"]
[White "Camps, Jean Pierre"]
[Black "Dunning, Stephen"]
[Result "1-0"]
[WhiteElo "1509"]
[BlackElo "1540"]
[PlyCount "57"]
[EventDate "2005.??.??"]
[EventType "tourn (corr)"]
[EventRounds "4"]
[SourceTitle "Corr 2015"]
[Source "ChessBase"]
[SourceDate "2015.07.17"]
[SourceVersion "1"]
[SourceVersionDate "2015.07.17"]
[SourceQuality "1"]
[WhiteTeam "France"]
[BlackTeam "England"]
[WhiteTeamCountry "FRA"]
[BlackTeamCountry "ENG"]

1. e4 e6 2. d4 d5 3. e5 c5 4. c3 Nc6 5. Nf3 Bd7 6. a3 f6 7. Bd3 fxe5 8. dxe5 Qc7 9. Qe2 Nh6 10. b4 cxb4 11. cxb4 Nxe5 12. Bxh6 Nxf3+ 13. Qxf3 Qe5+ 14. Qe2 Qxa1 15. Bf4 Qf6 16. Be5 Qg5 17. 0-0 Be7 18. f4 Qh6 19. Rf3 Qh5 20. Bxg7 Rg8 21. Be5 Rc8 22. Nc3 a5 23. Rg3 Qf7 24. Rh3 axb4 25. Rxh7 Qf8 26. axb4 Bxb4 27. Qh5+ Kd8 28. Qh4+ Be7 29. Rxe7 1-0

[Event "IECC CL5-2005.08 email"]
[Site "IECC email"]
[Date "2005.04.29"]
[Round "?"]
[White "Dunning, Stephen"]
[Black "Sanchez, Christian"]
[Result "0-1"]
[WhiteElo "1534"]
[BlackElo "1483"]
[PlyCount "74"]
[EventDate "2005.??.??"]
[EventType "tourn (corr)"]
[EventRounds "4"]
[SourceTitle "Corr 2015"]
[Source "ChessBase"]
[SourceDate "2015.07.17"]
[SourceVersion "1"]
[SourceVersionDate "2015.07.17"]
[SourceQuality "1"]

1. d4 Nf6 2. c4 g6 3. Nc3 Bg7 4. e4 d6 5. f3 0-0 6. Be3 e5 7. d5 c6 8. Qd2 cxd5 9. cxd5 a6 10. Bd3 Nbd7 11. Nge2 Ne8 12. 0-0 f5 13. f4 exf4 14. Rxf4 Ne5 15. Nd4 Ng4 16. Rff1 Nxe3 17. Qxe3 f4 18. Rxf4 Rxf4 19. Qxf4 Bxd4+ 20. Kh1 Qf6 21. Qd2 Qf2 22. Qxf2 Bxf2 23. Ne2 Bg4 24. Nf4 Rc8 25. Rf1 Be3 26. h3 g5 27. Ne6 Bxe6 28. dxe6 Rc1 29. Kh2 Rxf1 30. Bxf1 Nc7 31. Bc4 Kf8 32. Kg3 Ke7 33. Bd5 b6 34. Kf3 Bd4 35. Kg4 Nxe6 36. Kf5 Nf4 37. Kxg5 Nxd5 0-1

[Event "IECC CL5-2005.03 email"]
[Site "IECC email"]
[Date "2005.02.08"]
[Round "?"]
[White "Jensen, Jeff"]
[Black "Dunning, Stephen"]
[Result "0-1"]
[WhiteElo "1454"]
[BlackElo "1553"]
[PlyCount "50"]
[EventDate "2005.??.??"]
[EventType "tourn (corr)"]
[EventRounds "4"]
[SourceTitle "Corr 2015"]
[Source "ChessBase"]
[SourceDate "2015.07.17"]
[SourceVersion "1"]
[SourceVersionDate "2015.07.17"]
[SourceQuality "1"]

1. d4 e6 2. c4 Nf6 3. Nc3 Bb4 4. Bg5 h6 5. Bh4 c5 6. e3 cxd4 7. exd4 0-0 8. Qc2 Nc6 9. 0-0-0 d5 10. Nf3 Be7 11. cxd5 exd5 12. Ne5 Nb4 13. Qb3 Ng4 14. Bxe7 Qxe7 15. Nxg4 Bxg4 16. f3 Be6 17. Re1 Qg5+ 18. Kd1 Nc6 19. Ne2 Na5 20. Qc3 Nc4 21. f4 Qg6 22. Ng3 Bg4+ 23. Be2 Qb1+ 24. Qc1 Qd3+ 25. Qd2 Qxd2# 0-1

[Event "IECC KO-2032"]
[Site "IECC email"]
[Date "2003.11.05"]
[Round "?"]
[White "Dunning, Stephen"]
[Black "Tumer, Ozer"]
[Result "0-1"]
[WhiteElo "1531"]
[BlackElo "1609"]
[PlyCount "48"]
[EventDate "2003.??.??"]
[EventType "match (corr)"]
[EventRounds "2"]
[SourceTitle "Corr 2020"]
[Source "ChessBase"]
[SourceDate "2019.09.30"]
[SourceVersion "1"]
[SourceVersionDate "2019.09.30"]
[SourceQuality "1"]
[WhiteTeam "England"]
[BlackTeam "Turkey"]
[WhiteTeamCountry "ENG"]
[BlackTeamCountry "TUR"]

1. e4 c5 2. Nf3 d6 3. d4 cxd4 4. Nxd4 Nf6 5. Nc3 a6 6. Bc4 e6 7. Bb3 b5 8. 0-0 Be7 9. Qf3 Qc7 10. Qg3 0-0 11. Bh6 Ne8 12. Rad1 Bd7 13. a3 Nc6 14. Nxc6 Bxc6 15. f4 Kh8 16. Bg5 a5 17. f5 b4 18. axb4 axb4 19. fxe6 bxc3 20. exf7 Bxg5 21. Qxg5 cxb2 22. Rb1 Qb6+ 23. Kh1 Nf6 24. Rxf6 Qd8 0-1

[Event "IECC Swiss email"]
[Site "IECC email"]
[Date "2003.11.04"]
[Round "?"]
[White "Wozniak, Zbigniew"]
[Black "Dunning, Stephen"]
[Result "1-0"]
[WhiteElo "1886"]
[BlackElo "1556"]
[PlyCount "47"]
[EventDate "2003.??.??"]
[EventType "tourn (corr)"]
[EventRounds "6"]
[SourceTitle "Corr 2008"]
[Source "ChessBase"]
[SourceDate "2008.06.24"]
[SourceVersion "1"]
[SourceVersionDate "2008.06.24"]
[SourceQuality "1"]

1. e4 c5 2. Nf3 d6 3. d4 cxd4 4. Nxd4 Nf6 5. Nc3 g6 6. Be3 Bg7 7. f3 0-0 8. Qd2 Nc6 9. Bc4 Bd7 10. h4 h5 11. 0-0-0 Ne5 12. Bb3 Rc8 13. Bg5 Rc5 14. f4 Nc4 15. Qd3 Na5 16. Bxf6 Bxf6 17. e5 dxe5 18. Qxg6+ Bg7 19. Bxf7+ Rxf7 20. Ne6 Qb6 21. Rxd7 Rc6 22. f5 Rc8 23. Rhd1 Nc4 24. Rd8+ 1-0

[Event "IECC CL5-2003.23 email"]
[Site "IECC email"]
[Date "2003.10.28"]
[Round "?"]
[White "Dunning, Stephen"]
[Black "Crandall, David"]
[Result "1-0"]
[WhiteElo "1545"]
[BlackElo "1452"]
[PlyCount "95"]
[EventDate "2003.??.??"]
[EventType "tourn (corr)"]
[EventRounds "4"]
[SourceTitle "Corr 2008"]
[Source "ChessBase"]
[SourceDate "2008.06.24"]
[SourceVersion "1"]
[SourceVersionDate "2008.06.24"]
[SourceQuality "1"]

1. e4 d6 2. d4 Nf6 3. Nc3 Nbd7 4. f4 e5 5. Nf3 exd4 6. Qxd4 c6 7. Be3 d5 8. e5 Ng4 9. Bg1 Bc5 10. Qd2 Bb4 11. 0-0-0 Qa5 12. Kb1 Nc5 13. Bxc5 Qxc5 14. Rg1 Nf2 15. Re1 Ne4 16. Nxe4 dxe4 17. c3 exf3 18. Re3 Bxc3 19. Qxc3 Bf5+ 20. Kc1 f2 21. Rh1 Qd5 22. Qc4 0-0-0 23. Qxd5 Rxd5 24. Be2 h5 25. Rc3 g6 26. Rf1 Rhd8 27. Rxf2 Kc7 28. Rf1 b5 29. Bf3 Rd2 30. Rxc6+ Kb8 31. Rd1 Rxd1+ 32. Bxd1 Rc8 33. Rxc8+ Kxc8 34. Bb3 Be6 35. Bxe6+ fxe6 36. g3 Kd7 37. Kc2 Kc6 38. b4 a6 39. Kc3 Kd5 40. Kd3 g5 41. fxg5 Kxe5 42. g6 Kf6 43. Ke4 Kxg6 44. Ke5 Kf7 45. h3 Ke7 46. g4 hxg4 47. hxg4 Kf7 48. g5 1-0